|
|
|
|
| LEADER |
00905nam a2200241 a 4500 |
| 001 |
20259257 |
| 008 |
100522s1990 enka b 000 0 eng d |
| 010 |
|
|
|a gb 90000014
|
| 020 |
|
|
|a 0333467299
|
| 020 |
|
|
|a 9780333467299
|
| 040 |
|
|
|a UKM
|c UKM
|d CFS
|d UtOrBLW
|d BD-DhAAL
|
| 082 |
0 |
0 |
|a 808.1/07
|2 20
|
| 100 |
1 |
|
|a Curtis, Tony,
|d 1946-
|
| 245 |
0 |
0 |
|a How to study modern poetry /
|c Tony Curtis.
|
| 260 |
|
|
|a Basingstoke, England :
|b Palgrave Macmillan,
|c 1990.
|
| 300 |
|
|
|a viii, 172 p. ;
|c 22 cm.
|
| 490 |
0 |
|
|a How to study literature
|
| 541 |
1 |
|
|e 00020260
|
| 504 |
|
|
|a Includes bibliographical references (p. [165]-172).
|
| 650 |
|
0 |
|a Poetry
|x Study and teaching.
|
| 852 |
4 |
|
|a Ayesha Abed Library
|j General Shelf
|
| 999 |
|
|
|c 8669
|d 8669
|
| 952 |
|
|
|0 0
|1 0
|2 ddc
|4 0
|6 808_107000000000000_CUR_1990
|7 0
|9 10427
|a BRACUL
|b BRACUL
|c GEN
|d 2010-05-24
|l 9
|m 23
|o 808.107 CUR
|p 3010020260
|r 2024-02-13
|s 2024-02-06
|t 1
|w 2010-05-24
|y BK
|